| 000 | 00984nam a22002297a 4500 | ||
|---|---|---|---|
| 999 |
_c1469 _d1469 |
||
| 003 | AR-CdUCM | ||
| 008 | 190227b ||||| |||| 00| 0 spa d | ||
| 040 |
_aMUNICIPALIDAD PROVINCIAL DEL CUSCO _cBIBLIOTECA MUNICIPAL DEL CUSCO |
||
| 082 |
_a330. 985 6 / _bR74 |
||
| 100 |
_aRodíiguez López, Yofré Julián _95573 |
||
| 245 | _aSistema de producción andino / | ||
| 260 |
_aCusco: _bImprenta CTAR, _c2001. |
||
| 300 |
_a138 páginas ; _c20 cm. |
||
| 505 | _aContenido: Descripción general -- Antecedentes históricos -- recursos naturales -- Problemática del distrito -- Potencialidades del ámbito -- Tesoro histórico de Totora Oropesa -- atractivos turísticos naturales ... | ||
| 650 |
_aTotora Oropesa - Cusco _95574 |
||
| 650 |
_aSistemas de produción _95575 |
||
| 650 |
_aEconomía Agraria _95576 |
||
| 650 |
_aCentros Arqueológicos - Oropesa _95577 |
||
| 710 |
_aMunicipalidad Distrital deTotora Oropesa _95578 |
||
| 942 |
_2ddc _cLIBROS |
||
| 945 |
_aLCCS _d2019-02-27 |
||